Statistics for Thomas Rhett - Marry Me Lyrics

Click here to take the quiz!

General Stats

  • This quiz has been taken 267 times
  • The average score is 245 of 298

Answer Stats

Lyric% Correct
marry
100%
me
99%
I
98%
She
97%
she
97%
to
97%
a
96%
when
96%
When
96%
the
95%
want
95%
it
94%
do
93%
Get
93%
get
93%
he
93%
married
93%
her
92%
in
92%
No
92%
out
92%
wants
92%
don't
91%
So
91%
so
91%
but
89%
But
89%
perfect
88%
service
88%
black
87%
of
87%
preaching
87%
granddaddy
86%
I'll
86%
Not
86%
see
86%
tie
86%
too
86%
country
85%
daddy
85%
back
84%
magnolias
84%
money
84%
my
84%
some
84%
suit
84%
whiskey
84%
Yeah
84%
many
83%
people
83%
save
83%
shot
83%
strong
82%
flask
81%
straight
81%
got
80%
try
80%
wear
80%
all
79%
crying
78%
make
78%
nobody
78%
sees
78%
without
78%
can
77%
now
77%
through
77%
planned
75%
Oh
74%
right
73%
And
72%
ain't
69%
on
69%
been
68%
for
67%
almost
66%
kissed
66%
know
65%
remember
65%
friends
64%
knew
64%
was
64%
freaked
63%
invite
63%
night
63%
forever
62%
kinda
62%
away
61%
late
61%
giving
60%
I'm
60%
one
60%
only
60%
gonna
59%
this
59%
day
57%
dress
57%
if
57%
always
55%
dreading
55%
same
55%
way
55%
felt
54%
daddy's
52%
wondered
52%
We'd
50%
hide
49%
off
48%
chest
47%
ooh
47%
best
46%
find
46%
I'd
46%
guests
45%
up
45%
wish
44%
Doing
43%
mess
43%
Welcoming
43%
could
40%
hiding
37%
Bet
16%

Score Distribution

Percentile by Number Answered

Percent of People with Each Score

Your Score History

You have not taken this quiz